| 000 | 00405nam a22001697a 4500 | ||
|---|---|---|---|
| 003 | OSt | ||
| 008 | 250414b |||||||| |||| 00| 0 eng d | ||
| 020 | _a9789395161480 | ||
| 082 | _a381.142 GOE | ||
| 100 | _aGOEL, Ritendra | ||
| 245 | _ae-Commerce | ||
| 250 | _a2nd. ed. | ||
| 260 |
_aNew Delhi, _bNew Age International Pvt. Ltd., _c2023, |
||
| 300 | _a200 p. | ||
| 650 | _aCommerce | ||
| 942 |
_2ddc _cBK |
||
| 999 |
_c13285 _d13285 |
||